[Event "e2e4 Sunningdale July Open"]
[Site "Ascot ENG"]
[Date "2013.07.06"]
[Round "3"]
[White "Cooksey,P"]
[Black "Jackson,J"]
[Result "1/2-1/2"]
[WhiteElo "2293"]
[BlackElo "2230"]

1.c4 Nf6 2.Nf3 c5 3.Nc3 e6 4.g3 d5 5.cxd5 exd5 6.d4 Nc6 7.Bg2 Be7 8.O-O O-O
9.b3 Re8 10.Bb2 Bg4 11.dxc5 Bxc5 12.Rc1 Bf8 13.Re1 Qd7 14.a3 Rad8 15.Na4 d4
16.b4 a6 17.Ba1 Bh3 18.Nb2 Bxg2 19.Kxg2 Ne5 20.Nd3 Nxf3 21.exf3 Rxe1 22.Qxe1 Qb5
23.Qd1 a5 24.a4 Qd5 25.bxa5 Qxa5 26.Qb3 Ra8 27.Bxd4 Qxa4 28.Qxa4 Rxa4 29.Bxf6 gxf6
30.Rb1 Rd4 31.Nf4  1/2-1/2

[Event "St. Pauli Open 2013"]
[Site "Hamburg GER"]
[Date "2013.07.06"]
[Round "1.20"]
[White "Soltau,A"]
[Black "Krallmann,M"]
[Result "0-1"]
[WhiteElo "1989"]
[BlackElo "2262"]

1.Nf3 c5 2.c4 Nf6 3.Nc3 e6 4.e3 Nc6 5.d4 d5 6.a3 a6 7.Bd3 dxc4 8.Bxc4 Qc7
9.O-O Bd6 10.dxc5 Bxc5 11.e4 O-O 12.Qe2 Ng4 13.h3 Nd4  0-1

[Event "St. Pauli Open 2013"]
[Site "Hamburg GER"]
[Date "2013.07.07"]
[Round "2.17"]
[White "Solger,B"]
[Black "Gruenter,M"]
[Result "0-1"]
[WhiteElo "1965"]
[BlackElo "2248"]

1.c4 Nf6 2.Nc3 c5 3.Nf3 e6 4.g3 b6 5.Bg2 Bb7 6.O-O Be7 7.b3 d6 8.Bb2 O-O
9.d4 cxd4 10.Qxd4 a6 11.Rfd1 Nbd7 12.Rac1 Qc7 13.Ng5 Bxg2 14.Kxg2 Qb7+ 15.Kg1 Rfd8
16.Nge4 Nc5 17.Nxf6+ Bxf6 18.Qf4 Be5 19.Qe3 Rac8 20.Rc2 Qc7 21.Rcd2 Bf6 22.Qf4 Be7
23.Ne4 Nxe4 24.Qxe4 b5 25.cxb5 axb5 26.Rc1 Qa5 27.Rdc2 Qa6 28.Bd4 Bf8 29.Qd3 Rxc2
30.Rxc2 Qb7 31.a4 bxa4 32.bxa4 Qb1+ 33.Kg2 Ra8 34.Qc4 h5 35.Qc6 Ra5 36.Bb6 Rd5
37.a5 h4 38.f3 h3+ 39.Kxh3 Qf1+ 40.Kg4 f5+ 41.Kf4 g5+ 42.Kxg5 Qh3  0-1

[Event "Karvina Open 2013"]
[Site "Karvina CZE"]
[Date "2013.07.07"]
[Round "9.3"]
[White "Ivanov,MM"]
[Black "Kosiorek,M"]
[Result "0-1"]
[WhiteElo "2392"]
[BlackElo "2340"]

1.Nf3 c5 2.c4 Nf6 3.Nc3 e6 4.g3 Be7 5.Bg2 O-O 6.O-O a6 7.e4 d6 8.d4 cxd4
9.Nxd4 Nbd7 10.b3 Qc7 11.Bb2 Rb8 12.Rc1 b6 13.f4 Re8 14.Kh1 Bb7 15.g4 g6
16.f5 e5 17.Nd5 Qd8 18.fxg6 hxg6 19.Nc2 Nxd5 20.cxd5 Bg5 21.Rb1 Rc8 22.Ne1 a5
23.Nf3 Bf4 24.Bc1 Ba6 25.Re1 Nc5 26.Bxf4 exf4 27.Qd4 Bd3 28.Rb2 Rxe4 29.Rxe4 Bxe4
30.Re2 Bxf3 31.Bxf3 Qg5 32.Qc4 Kg7 33.Qb5 Qd8 34.Qc4 Qg5 35.Qb5 Qd8 36.Qc4 Qf6
37.Qb5 Qc3 38.Kg2 Nd3 39.Qd7 Ne5  0-1

[Event "Commonwealth & RSA Open"]
[Site "Port Elizabeth RSA"]
[Date "2013.07.07"]
[Round "3.10"]
[White "Solomon,K"]
[Black "De Abreu,Roberto N"]
[Result "1-0"]
[WhiteElo "2410"]
[BlackElo "2014"]

1.Nf3 Nf6 2.c4 c5 3.Nc3 d5 4.cxd5 Nxd5 5.g3 Nc6 6.Bg2 Nc7 7.O-O e5 8.a3 Rb8
9.Rb1 f6 10.Ne1 Be6 11.b4 cxb4 12.axb4 Bxb4 13.Qa4 Bxc3 14.dxc3 Bd5 15.Ba3 b5
16.Qc2 Bxg2 17.Nxg2 Qc8 18.Ne3 Kf7 19.Rfd1 Rd8 20.Rxd8 Nxd8 21.Qxh7 Nce6
22.Nf5 Nb7 23.Qh5+  1-0

[Event "VIII Wroclaw Open A 2013"]
[Site "Wroclaw POL"]
[Date "2013.07.07"]
[Round "7.2"]
[White "Stachowiak,K"]
[Black "Wieczorek,O"]
[Result "1/2-1/2"]
[WhiteElo "2477"]
[BlackElo "2378"]

1.Nf3 Nf6 2.c4 c5 3.Nc3 e6 4.g3 b6 5.Bg2 Bb7 6.O-O Be7 7.d4 cxd4 8.Qxd4 d6
9.Rd1 a6 10.b3 Nbd7 11.Bb2 O-O 12.e4 Qc7 13.h3 Rfd8 14.Kh2 Rac8 15.Qe3 Ne5
16.Kh1 Nxf3 17.Bxf3 Qc5 18.Qe2 b5 19.cxb5 axb5 20.Rac1 Qa7 21.a3 Ba6 22.b4 Nd7
23.Kg2 Nb6 24.Nb1 Nc4 25.Bd4 Qb8 26.h4 Rd7 27.Kg1 Rdc7 28.Bg2 Bb7 29.Rc3 Qa8
30.f3 e5 31.Bf2 d5 32.exd5 Bxd5 33.Rcd3 Bc6 34.Nc3 h6 35.Nd5 Bxd5 36.Rxd5 Qxa3
37.Rxb5 Bxb4 38.Bh3 Rf8 39.Kh2 Qa4 40.Rbd5 Nb2 41.Rf1 Rc2 42.Qe4 Bc3  1/2-1/2

[Event "EY Boys Teams 2013"]
[Site "Maribor SLO"]
[Date "2013.07.08"]
[Round "3"]
[White "Huber,Mart AUT"]
[Black "Balacek,T"]
[Result "1-0"]
[WhiteElo "2230"]
[BlackElo "2258"]

1.Nf3 Nf6 2.c4 c5 3.Nc3 b6 4.g3 Bb7 5.Bg2 g6 6.O-O Bg7 7.d4 cxd4 8.Qxd4 d6
9.Rd1 Nbd7 10.Be3 Rc8 11.Rac1 a6 12.b3 O-O 13.Qh4 Rc7 14.Bh3 Qb8 15.g4 e6
16.g5 Ne8 17.Nd4 Nc5 18.b4 Nd7 19.Ne4 Qa8 20.Nxe6 fxe6 21.Bxe6+ Kh8 22.Nxd6 Nxd6
23.Rxd6 Rc6 24.Rxd7 Rxe6 25.Bd4 Rg8 26.Qh6  1-0

[Event "EY Girls Teams 2013"]
[Site "Maribor SLO"]
[Date "2013.07.08"]
[Round "4"]
[White "Varga,Me"]
[Black "Leonardi,Caterina"]
[Result "1-0"]
[WhiteElo "2216"]
[BlackElo "1880"]

1.Nf3 Nf6 2.c4 c5 3.Nc3 d5 4.cxd5 Nxd5 5.d4 Nxc3 6.bxc3 g6 7.e3 Bg7 8.Be2 O-O
9.O-O Bf5 10.a4 Nc6 11.Ba3 cxd4 12.cxd4 Qd5 13.Rc1 Be4 14.Bc4 Qf5 15.Nd2 Bd3
16.g4 Bxc4 17.gxf5 Bxf1 18.Nxf1  1-0

[Event "3rd SPAChess Open"]
[Site "Amsterdam NED"]
[Date "2013.07.09"]
[Round "4.10"]
[White "Theulings,PP"]
[Black "Afek,Y"]
[Result "0-1"]
[WhiteElo "2110"]
[BlackElo "2313"]

1.Nf3 c5 2.c4 Nf6 3.Nc3 g6 4.g3 Bg7 5.Bg2 O-O 6.O-O d5 7.cxd5 Nxd5 8.Nxd5 Qxd5
9.d3 Nc6 10.Be3 Qh5 11.Rc1 Nd4 12.Nxd4 cxd4 13.Bf4 Qa5 14.a3 Qb6 15.Qa4 e5
16.Bd2 Bg4 17.Rc2 a5 18.Re1 Rfd8 19.b4 Bd7 20.Qb3 Bf8 21.Bd5 axb4 22.Bxf7+ Kg7
23.Bg8 Kh8 24.Bg5 Bg7 25.Bxd8 Qxd8 26.Bc4 Ba4 27.Qb1 Bxc2 28.Qxc2 bxa3 29.Rb1 Qc7
30.Qb3 Bf8 31.Qb5 Bc5 32.Ba2 b6 33.Qc4 Rf8 34.Qe6 Qg7 35.Bc4 Qf6 36.Qxf6+ Rxf6
37.f3 Rf8 38.Kf1 Rb8 39.Rb5 Ra8 40.Ba2 Kg7 41.Ke1 Kf6 42.Kd2 h5 43.Ke1 Ke7
44.Rb1 Ra7 45.Kf2 Kd6 46.Kg2 Ra4 47.Bf7 Rb4 48.Ra1 Rb2 49.Ra2 Rxa2 50.Bxa2 Bb4
51.f4 exf4 52.gxf4 Bd2 53.Kf3 Kc5  0-1

[Event "IsBank TCh-TUR 2013"]
[Site "Denizli TUR"]
[Date "2013.07.09"]
[Round "12.1"]
[White "Mchedlishvili,M"]
[Black "Vuckovic,Bo"]
[Result "1/2-1/2"]
[WhiteElo "2637"]
[BlackElo "2594"]

1.Nf3 Nf6 2.c4 c5 3.Nc3 e6 4.e4 Nc6 5.Be2 e5 6.d3 d6 7.O-O Be7 8.Nd5 O-O
9.Bd2 Bd7 10.a3 Nxd5  1/2-1/2

[Event "FSIM July 2013"]
[Site "Budapest HUN"]
[Date "2013.07.10"]
[Round "5.1"]
[White "To,N"]
[Black "Bird,A"]
[Result "1/2-1/2"]
[WhiteElo "2292"]
[BlackElo "2231"]

1.c4 Nf6 2.Nc3 c5 3.Nf3 b6 4.g3 Bb7 5.Bg2 g6 6.O-O Bg7 7.d4 cxd4 8.Qxd4 d6
9.Rd1 Nbd7 10.Be3 Rc8 11.Rac1 a6 12.b3 O-O 13.Qh4 Rc7 14.Nd5 Nxd5 15.cxd5 Nf6
16.Ng5 Rxc1 17.Rxc1 b5 18.Bd4 h6 19.Bxf6 exf6 20.Ne4 Bxd5 21.Rd1 Bxe4 22.Qxe4 f5
23.Qc6 Qa5 24.a4 bxa4 25.Qxa4 Qxa4 26.bxa4 Rd8 27.Bd5 a5 28.Rb1 Rd7 29.Rb8+ Kh7
30.e3 Bc3 31.Kg2 Kg7 32.h3 Rc7 33.Rb7 Rxb7 34.Bxb7 g5 35.g4 fxg4 36.hxg4 Kf6
37.Bd5 Kg6 38.Be4+ Kg7 39.Kf3 Be1 40.Ke2 Bb4 41.Kf3 Kf6 42.Bd5 Ke7 43.Ke4 Kf6
44.Bc6 Bc5 45.Bd7 Kg6 46.Bf5+ Kf6 47.Bd7 Bb4 48.f3 Bc5 49.Bc6 Kg6 50.Be8 Bb6
51.Kd5 Bxe3 52.Kxd6 Kf6 53.Bd7 Bd4 54.Kd5 Bc3 55.Ke4 Bb2 56.Bc8 Kg6 57.Bf5+ Kf6
58.Bc8 Kg6 59.Bf5+ Kf6 60.Bc8 Kg6  1/2-1/2

[Event "Universiade Men"]
[Site "Kazan RUS"]
[Date "2013.07.10"]
[Round "2.6"]
[White "Ibarra Chami,L"]
[Black "Yu Yangyi"]
[Result "1/2-1/2"]
[WhiteElo "2482"]
[BlackElo "2657"]

1.c4 c5 2.Nc3 Nf6 3.Nf3 e6 4.g3 b6 5.e4 Bb7 6.Qe2 d6 7.Bg2 Be7 8.O-O O-O
9.d4 cxd4 10.Nxd4 Qc8 11.Rd1 a6 12.a4 Qc7 13.b3 Re8 14.Ba3 Nbd7 15.Bb4 Nc5
16.a5 e5 17.axb6 Qxb6 18.Bxc5 Qxc5 19.Nf5 Bf8 20.Qd3 Bc6 21.Ne3 Reb8 22.Ncd5 Nxd5
23.Nxd5 Bxd5 24.Qxd5 Qxd5 25.cxd5 Rxb3 26.Ra5 g6 27.Rda1 Rb6 28.Bf1 Rb4 29.Bg2 Kg7
30.Rxa6 Rxa6 31.Rxa6 Rb1+ 32.Bf1 Re1 33.f3 Rb1 34.Kf2 Rb2+ 35.Be2 Be7 36.Ra8 h5
37.h4 Bf6 38.Kf1 Be7 39.Re8 Bf6 40.Rc8 g5 41.hxg5 Bxg5 42.f4 exf4 43.gxf4 Bxf4
44.Bxh5 Rh2 45.Bg4 Kf6 46.Re8 Be5 47.Rg8 Bd4 48.Rf8 Kg5 49.Bf5 f6 50.Rg8+ Kf4
51.Rg2 Rh1+ 52.Ke2 Ra1 53.Kd3 Ke5 54.Rg7 Ra3+ 55.Kc4 Rc3+ 56.Kb4 Rc5 57.Re7+ Kf4
58.Rd7 Bc3+ 59.Kb3 Be5 60.Rg7 Ke3 61.Rg2 Kd3 62.Rg1 Rb5+ 63.Ka4 Rb2 64.Rd1+ Kc4
65.Ka5 Bf4 66.Ka6 Be3 67.Re1 Rb6+ 68.Ka7 Rb3+ 69.Ka8 Kb5 70.Kb7 Kc5+ 71.Kc7 Bf4
72.Kd7 Ra3 73.Ke6 Be5 74.Rc1+ Kd4 75.Rd1+  1/2-1/2

[Event "Commonwealth & RSA Open"]
[Site "Port Elizabeth RSA"]
[Date "2013.07.10"]
[Round "7.9"]
[White "Barileng,G"]
[Black "Solomon,K"]
[Result "1-0"]
[WhiteElo "2175"]
[BlackElo "2410"]

1.Nf3 Nf6 2.c4 c5 3.Nc3 b6 4.g3 Bb7 5.Bg2 g6 6.O-O Bg7 7.Re1 O-O 8.e4 Nc6
9.e5 Ne8 10.d4 Nxd4 11.Nxd4 Bxg2 12.Kxg2 cxd4 13.Qxd4 d6 14.Bf4 dxe5 15.Qxd8 Rxd8
16.Bxe5 e6 17.Bxg7 Kxg7 18.Rad1 Nf6 19.h3 Rxd1 20.Rxd1 Rc8 21.b3 Kf8 22.Kf3 Rc5
23.Rd8+ Ke7 24.Ra8 Ra5 25.a4 Rf5+ 26.Ke3 a5 27.g4 Re5+ 28.Kd4 Nd7 29.Ra7 Re1
30.g5 Rh1 31.Ne4 e5+ 32.Kd5 Rd1+ 33.Kc6 Ke6 34.Ra8 Ke7 35.Nc3 Rd6+ 36.Kc7 Rd3
37.Nd5+ Ke6 38.Re8+ Kf5 39.Kxd7 Rxb3 40.Kc6 Rxh3 41.Kxb6 Rf3 42.c5 Rxf2 43.c6 Rb2+
44.Kc5 Rc2+ 45.Kd6 Kxg5 46.c7 h5 47.c8=Q Rxc8 48.Rxc8 e4 49.Ke5 f5 50.Rc1  1-0

[Event "23rd Heart of FIN"]
[Site "Jyvaskyla FIN"]
[Date "2013.07.11"]
[Round "5.5"]
[White "Valli,F"]
[Black "Karasev,Vl"]
[Result "1/2-1/2"]
[WhiteElo "2237"]
[BlackElo "2358"]

1.Nf3 c5 2.c4 Nf6 3.Nc3 e6 4.g3 b6 5.Bg2 Bb7 6.O-O Be7 7.d4 cxd4 8.Qxd4 d6
9.Bg5 h6 10.Bxf6 Bxf6 11.Qf4 g5 12.Qd2 a6 13.Rfd1 Ra7 14.Qxd6 Qxd6 15.Rxd6 g4
16.Ne1 Bxg2 17.Nxg2 Bxc3 18.bxc3 Nd7 19.Ne3 Ke7 20.Rad1 h5 21.c5 bxc5 22.Nc4 a5
23.Nxa5 Rxa5 24.Rxd7+ Kf6 25.Rc7 Rxa2 26.Rdd7 Rxe2 27.Rxf7+ Kg6 28.h3 gxh3
29.Kh2 Rc2 30.Rf3 Rh7 31.Rxc5 Rf7 32.Rxf7 Kxf7 33.Kxh3 Rxf2 34.Rxh5 Rc2 35.Rc5 e5
36.Kg4 Ke6 37.Kf3 Rc1 38.Ke3  1/2-1/2

[Event "6th ch-Cent SRB Int 2013"]
[Site "Paracin SRB"]
[Date "2013.07.11"]
[Round "8.35"]
[White "Pantic,I"]
[Black "Zarkovic,M"]
[Result "1-0"]
[WhiteElo "2193"]
[BlackElo "2070"]

1.Nf3 c5 2.c4 Nf6 3.Nc3 e6 4.e3 Be7 5.d4 d5 6.a3 O-O 7.b3 b6 8.Bd3 Nc6 9.Bb2 Bb7
10.O-O cxd4 11.exd4 Rc8 12.Rc1 Na5 13.Ne5 Ba6 14.Na4 dxc4 15.bxc4 Nd7 16.Qh5 h6
17.d5 Nf6 18.Qh3 exd5 19.Rfd1 Qe8 20.Ng4 Bxc4 21.Bxf6 Bxd3 22.Rxc8 Qxc8 23.Nxh6+ gxh6
24.Qxh6 Bxf6 25.Rxd3  1-0

[Event "ch-BEL Open 2013"]
[Site "Antwerp BEL"]
[Date "2013.07.13"]
[Round "8.10"]
[White "De Herdt,Y"]
[Black "Mollekens,R"]
[Result "0-1"]
[WhiteElo "2143"]
[BlackElo "2045"]

1.Nf3 Nf6 2.c4 g6 3.Nc3 c5 4.g3 Bg7 5.d4 cxd4 6.Nxd4 Nc6 7.Bg2 O-O 8.O-O Nxd4
9.Qxd4 d6 10.Qd3 Nd7 11.b3 Ne5 12.Qe3 Nc6 13.Bb2 Bf5 14.Rac1 Re8 15.Rfd1 Qc8
16.c5 dxc5 17.Qxc5 Nd4 18.Qxc8 Raxc8 19.Bxb7 Rxc3 20.Bxc3 Nxe2+ 21.Kf1 Nxc3
22.Rd2 Rb8 23.Ba6 Bf6 24.Kg2 g5 25.h3 h5 26.Re1 g4 27.h4 Kg7 28.Re3 Rb6 29.Bc4 a5
30.Rd8 a4 31.bxa4 Nxa4 32.Ra8 Nc3 33.Ra3 Be4+ 34.Kg1 Rb1+ 35.Bf1 Bc6 36.Raxc3 Bxc3
37.Rxc3 Bf3 38.Re3 Bd5 39.Rc3 Bxa2 40.f3 gxf3 41.Kf2 Bd5 42.Bc4 Rb2+ 43.Ke3 Bxc4
44.Rxc4 f2 45.Rc1 Kg6 46.Kf3 Kf5 47.Kg2 e5 48.Rc7 f6 49.Rh7 f1=B+ 50.Kxf1 Kg4
51.Rg7+ Kf3 52.Ke1 e4 53.Rf7 Rb6 54.Re7 e3 55.Kd1 Rd6+ 56.Ke1 Ra6 57.Kd1 e2+
58.Kd2 Rd6+  0-1

[Event "FSIM July 2013"]
[Site "Budapest HUN"]
[Date "2013.07.13"]
[Round "8.1"]
[White "Bird,A"]
[Black "Toth,Sar"]
[Result "1/2-1/2"]
[WhiteElo "2231"]
[BlackElo "2178"]

1.Nf3 Nf6 2.c4 c5 3.Nc3 g6 4.e4 Bg7 5.d4 cxd4 6.Nxd4 d6 7.Be2 Nc6 8.Be3 O-O
9.O-O Bd7 10.Nc2 Rc8 11.f3 Ne5 12.b3 b6 13.Qd2 Qc7 14.Nb4 Rfe8 15.Rac1 Qb8
16.Rc2 Nc6 17.Nbd5 Nxd5 18.Nxd5 e6 19.Nf4 Red8 20.Nh3 e5 21.Nf2 a6 22.Nd3 f5
23.Nb4 Nxb4 24.Qxb4 Rc6 25.Bg5 Re8 26.Rd1 h6 27.Bc1 Bf8 28.Qe1 f4 29.c5 b5
30.Qd2 Be6 31.cxd6 Rxd6 32.Qe1 Rxd1 33.Bxd1 Rd8 34.Be2 Rc8 35.Qd1 Qb6+ 36.Kf1 Rxc2
37.Qxc2 Qc5 38.Qxc5 Bxc5 39.Bb2 Bd6 40.Ke1 Kf7 41.Kd2 g5 42.Kc2 h5 43.h3 Kf6
44.a4 Bd7 45.axb5 axb5 46.Bc3 Bc6 47.Ba5 g4 48.hxg4 hxg4 49.Kc3 gxf3 50.gxf3 Kg5
51.Bb4 Bxb4+ 52.Kxb4 Kh4 53.Kc5 Be8 54.Kd6 Kg3 55.Kxe5 b4 56.Bc4 Kxf3 57.Kd4 Kg4
58.e5 Kf5 59.e6 Kf6 60.Ke4 f3 61.Kxf3 Ke5 62.Ke3 Bc6 63.Ke2 Be8 64.Kf3 Kf5
65.Kg3 Kg5 66.Ba6 Kf6 67.Bc8 Bg6 68.Bd7 Bc2 69.Ba4  1/2-1/2

[Event "Corporation Cup 2013"]
[Site "Izhevsk RUS"]
[Date "2013.07.13"]
[Round "2.8"]
[White "Kostin,K"]
[Black "Shinkevich,V"]
[Result "0-1"]
[WhiteElo "2295"]
[BlackElo "2477"]

1.Nf3 c5 2.c4 Nf6 3.Nc3 g6 4.b3 Bg7 5.Bb2 O-O 6.g3 Nc6 7.Bg2 d6 8.O-O a6
9.d4 cxd4 10.Nxd4 Bd7 11.Nxc6 Bxc6 12.Nd5 Nxd5 13.Bxg7 Ne3 14.Qd3 Nxf1 15.Bxf8 Kxf8
16.Kxf1 Rc8 17.Bh3 Rb8 18.Qc3 Kg8 19.Rd1 Qb6 20.Bg2 Rc8 21.Rd4 Qc5 22.Bxc6 bxc6
23.b4 Qf5 24.c5 d5 25.Qd3 Qh3+ 26.Kg1 e5 27.Rh4 Qe6 28.Qxa6 e4 29.a4 Kg7
30.g4 d4 31.g5 Rd8 32.Qa5 Rd5 33.b5 Rxg5+ 34.Kf1 Qb3 35.Qe1 cxb5 36.Qc1 h6
37.Rxh6 Kxh6  0-1

[Event "3rd SPAChess Open"]
[Site "Amsterdam NED"]
[Date "2013.07.14"]
[Round "8.5"]
[White "Strating,S"]
[Black "Afek,Y"]
[Result "0-1"]
[WhiteElo "2258"]
[BlackElo "2313"]

1.c4 c5 2.Nf3 Nf6 3.Nc3 g6 4.d4 cxd4 5.Nxd4 Bg7 6.e4 Nc6 7.Be3 O-O 8.Be2 d6
9.O-O Bd7 10.Qd2 Nxd4 11.Bxd4 a5 12.b3 Bc6 13.f3 Nd7 14.Be3 Nc5 15.Rab1 Qb6
16.Rfc1 Rfc8 17.Rc2 Qd8 18.Bf1 h5 19.a3 Kh7 20.b4 axb4 21.axb4 Na4 22.Ne2 Nb6
23.Nd4 Ba4 24.Rcc1 Be8 25.Nb3 Nd7 26.h3 Ra3 27.Qf2 Rca8 28.Na5 Qc7 29.Rc2 Ne5
30.Bb6 Qb8 31.Rd2 Bh6 32.Rdd1 Ra6 33.Kh1 Ba4 34.Rd5 e6 35.Rxe5 dxe5 36.c5 Rxb6
37.cxb6 Rc3 38.Qa2 Be8 39.Nb3 Qd8 40.Nc5 Bc6 41.Na4 Bxa4 42.Qxa4 Qxb6 43.Qb5 Qc7
44.Rd1 Rc6 45.Qd3 Bf4 46.b5 Rc3 47.Qe2 Kg7 48.Qf2 Rc2 49.Qe1 Qc5 50.Bd3 Rb2
51.Rb1 Rd2 52.Rd1 Ra2 53.Ra1 Rf2 54.Be2 Bg3 55.Qd1 Rxg2  0-1

[Event "ch-BEL Open 2013"]
[Site "Antwerp BEL"]
[Date "2013.07.14"]
[Round "9.4"]
[White "Forster,Sv"]
[Black "Sadkowsky,D"]
[Result "0-1"]
[WhiteElo "2166"]
[BlackElo "2230"]

1.Nf3 c5 2.c4 Nf6 3.Nc3 d5 4.cxd5 Nxd5 5.g3 Nc6 6.Bg2 Nc7 7.O-O e5 8.a3 Rb8
9.Rb1 Be7 10.d3 O-O 11.Be3 Be6 12.b4 cxb4 13.axb4 Bxb4 14.Rxb4 Nxb4 15.Bxa7 f6
16.Nd2 Ncd5 17.Nxd5 Nxd5 18.Bxb8 Qxb8 19.Ne4 Rc8 20.Qa1 b5 21.Qa6 Qb6 22.Qxb6 Nxb6
23.Rb1 Nd5 24.f4 exf4 25.Rxb5 fxg3 26.hxg3 Ne3 27.Nc5 Bg4 28.Bb7 Re8 29.Bc6 Rc8
30.Bb7 Re8 31.Rb2 Nd1 32.Rd2 Bxe2 33.Ne4 Bg4 34.Bd5+ Kf8 35.Bb3 Ne3 36.Nc5 Bc8
37.d4 Nf5 38.d5 Re1+ 39.Kf2 Rc1 40.Ne4 Ke7 41.d6+ Kd8 42.Bd5 Ra1 43.d7 Kxd7
44.Bg8+ Ke7 45.Bxh7 Nh6 46.Nc5 Ng4+ 47.Kg2 Rc1 48.Re2+ Ne5 49.Bc2 Bg4 50.Nd3 Rxc2
51.Rxc2 Nxd3 52.Rc7+ Bd7 53.Ra7 Ne5 54.Kf2 Ke6 55.Rb7 Kf5 56.Ra7 g5 57.Ra5 Bc6
58.Rc5 Kg4 59.Rc3 Be4 60.Rc8 f5 61.Rg8 Nd7 62.Rg7 Nf6 63.Ke3 Nh5  0-1

[Event "50th Canadian Open 2013"]
[Site "Ottawa CAN"]
[Date "2013.07.14"]
[Round "2"]
[White "Cheng,Bi"]
[Black "Kalra,Agastya"]
[Result "1-0"]
[WhiteElo "2406"]
[BlackElo "1919"]

1.Nf3 Nf6 2.c4 c5 3.Nc3 d5 4.cxd5 Nxd5 5.e3 Nc7 6.d4 cxd4 7.exd4 g6 8.Bc4 Bg7
9.O-O O-O 10.h3 Nd7 11.Bf4 Nb6 12.Bb3 Ncd5 13.Be5 Be6 14.Bxg7 Kxg7 15.Ng5 Bf5
16.Qf3 Nxc3 17.bxc3 h6 18.Nxf7 Qc8 19.Ne5 Be6 20.Qe4 Rf6 21.Ng4 Bxg4 22.Qxe7+  1-0

[Event "Universiade Men"]
[Site "Kazan RUS"]
[Date "2013.07.15"]
[Round "9.8"]
[White "Margvelashvili,G"]
[Black "Georgescu,T"]
[Result "1/2-1/2"]
[WhiteElo "2548"]
[BlackElo "2396"]

1.Nf3 Nf6 2.c4 c5 3.Nc3 d5 4.cxd5 Nxd5 5.e3 Nxc3 6.dxc3 Qxd1+ 7.Kxd1 Bf5
8.Nd2 Nc6 9.e4 Bd7 10.Kc2 O-O-O 11.Nc4 f5 12.Be3 e5 13.g3 Be7 14.Bh3 g6 15.Bh6 fxe4
16.Bxd7+ Rxd7 17.Rae1 g5 18.Rxe4 Rg8 19.h4 gxh4 20.gxh4 Bf6 21.Rh3 b5 22.Rf3 Rg6
23.Be3 Bg7 24.Na3 a6 25.Bxc5 Bh6 26.b4 Rd2+ 27.Kb3 Bf4 28.Re1 Rg4 29.Rh3 Rg2
30.Nb1 Rd7 31.Rhh1 Nd8 32.Reg1 Rdg7 33.Rxg2 Rxg2 34.Rd1 Nb7 35.Be3 Bxe3 36.fxe3 Rg4
37.Na3 Rxh4 38.c4 Rh3 39.cxb5 Rxe3+ 40.Ka4 axb5+ 41.Nxb5 Rh3 42.Re1 Rh5 43.Kb3 Kd7
44.a4 Rh3+ 45.Nc3 Ke6 46.a5 Nd6 47.Kc2 Rh2+ 48.Kb3 Rh3 49.Kc2 Rh2+ 50.Kd3 Rh3+
51.Re3 Rxe3+ 52.Kxe3 Kd7 53.Ne4 h5 54.Nf6+ Kc6  1/2-1/2

[Event "FSIM July 2013"]
[Site "Budapest HUN"]
[Date "2013.07.16"]
[Round "11.5"]
[White "Toth,Sar"]
[Black "Jia,H"]
[Result "0-1"]
[WhiteElo "2178"]
[BlackElo "2340"]

1.Nf3 Nf6 2.c4 c5 3.Nc3 b6 4.g3 Bb7 5.Bg2 e6 6.O-O Be7 7.b3 O-O 8.Bb2 d6
9.e3 Nbd7 10.d4 a6 11.Qe2 Qc7 12.e4 cxd4 13.Nxd4 Rfe8 14.Kh1 Bf8 15.Rac1 Rac8
16.f4 g6 17.g4 Bg7 18.g5 Nh5 19.Qf2 Nc5 20.Qd2 Qb8 21.b4 Nd7 22.Nce2 Qa8
23.Qe3 e5 24.fxe5 Nxe5 25.Nf4 Nxf4 26.Qxf4 Re7 27.c5 bxc5 28.bxc5 dxc5 29.Nb3 Nd3
30.Qd6 Bxe4 31.Qxe7 Bxg2+ 32.Kg1 Bxf1 33.Rxf1 Bxb2  0-1

[Event "12th Condom Open"]
[Site "Condom FRA"]
[Date "2013.07.17"]
[Round "6.9"]
[White "Kukov,V"]
[Black "Maupin,V"]
[Result "1/2-1/2"]
[WhiteElo "2370"]
[BlackElo "2070"]

1.Nf3 Nf6 2.c4 c5 3.Nc3 g6 4.e4 Bg7 5.d4 cxd4 6.Nxd4 d6 7.Be2 O-O 8.Be3 Nc6
9.O-O Bd7 10.f3 Ne8 11.Nxc6 bxc6 12.c5 Be6 13.cxd6 exd6 14.Qd2 Qa5 15.Rfd1 f5
16.exf5 Bxf5 17.a3 Qe5 18.Rac1 Be6 19.f4 Qf6 20.Bf3 Rc8 21.b4 Bb3 22.Rf1 Qe7
23.Nb5 c5 24.bxc5 dxc5 25.Bd5+ Bxd5 26.Qxd5+ Qf7 27.Rfd1 Qxd5 28.Rxd5 a6
29.Nd6 Nxd6 30.Rxd6 Bb2 31.Rcd1 c4 32.Bc1 Bxc1 33.Rxc1 Rxf4 34.Rxa6 c3 35.Rc2 Rd8
36.h3 Rd1+ 37.Kh2 Rc4 38.Kg3 Rd2 39.Rxd2 cxd2 40.Rd6 Rc3+ 41.Kf4 Rxa3 42.Rxd2 Ra7
43.g4 h6 44.Ke5 Kg7 45.Ke6 g5 46.Rd7+ Rxd7 47.Kxd7 Kf7 48.Kd6 Kf6  1/2-1/2

[Event "113th ch-SUI 2013"]
[Site "Graechen SUI"]
[Date "2013.07.18"]
[Round "8.2"]
[White "Stojanovic,Mih"]
[Black "Miezis,N"]
[Result "1/2-1/2"]
[WhiteElo "2565"]
[BlackElo "2549"]

1.Nf3 e6 2.c4 c5 3.Nc3 Nf6 4.e4 Nc6 5.Be2 d5 6.cxd5 exd5 7.d4 Be6 8.exd5 Nxd5
9.O-O Be7 10.dxc5 Nxc3 11.bxc3 Qxd1 12.Rxd1 Bxc5 13.Ng5 O-O 14.Kf1 Bc8 15.Bf3 h6
16.Ne4 Be7 17.Nd6 Bxd6 18.Rxd6 Be6 19.Bxc6 bxc6 20.Rxc6 Rfc8 21.Rxc8+ Rxc8
22.Bd2 a5 23.a3 Bc4+ 24.Kg1 Rb8 25.Bf4 Rb5 26.h3 g5 27.Bc7 Rc5 28.Bb6 Rb5
29.Bd4 a4 30.Re1 Be6 31.Re3 Kh7 32.Be5 Kg6 33.Bd6 Rd5 34.Be7 Rd7 35.Bc5 Rd5
36.Bb4 Rd1+ 37.Kh2 Rd2 38.Bc5 Rd5 39.Bd4 Rb5 40.Rf3 h5 41.Kg1 Rb1+ 42.Kh2 Rb5
43.Re3 h4 44.Rd3 Bc4 45.Re3  1/2-1/2

[Event "Czech Open G1 Rapid 2013"]
[Site "Pardubice CZE"]
[Date "2013.07.18"]
[Round "4.6"]
[White "Lalic,B"]
[Black "Vorobiov,E"]
[Result "1/2-1/2"]
[WhiteElo "2489"]
[BlackElo "2585"]

1.c4 Nf6 2.Nc3 c5 3.Nf3 g6 4.d4 cxd4 5.Nxd4 Nc6 6.e4 d6 7.Be2 Nxd4 8.Qxd4 Bg7
9.Bg5 O-O 10.Qe3 Qb6 11.Qxb6 axb6 12.Rc1 Be6 13.b3 Rfc8 14.a4 h6 15.Bxf6 Bxf6
16.O-O Kg7 17.Nd5 Bxd5 18.exd5 h5 19.Rcd1 h4  1/2-1/2

[Event "Czech Open G1 Rapid 2013"]
[Site "Pardubice CZE"]
[Date "2013.07.18"]
[Round "6.25"]
[White "Zwardon,V"]
[Black "Kazakov,K"]
[Result "0-1"]
[WhiteElo "2391"]
[BlackElo "2307"]

1.c4 e6 2.Nf3 Nf6 3.Nc3 c5 4.e4 Nc6 5.g3 d6 6.Bg2 g6 7.d4 cxd4 8.Nxd4 Ne5
9.O-O a6 10.f4 Ned7 11.Be3 Be7 12.Qe2 O-O 13.Rfd1 h5 14.h3 Qc7 15.Rac1 Re8
16.Rf1 Bf8 17.f5 exf5 18.Qf2 Nc5 19.exf5 Nd3 20.Qf3 Ne5 21.Qf4 Bg7 22.Nd5 Nxd5
23.cxd5 Qd8 24.fxg6 fxg6 25.Ne6 Bxe6 26.dxe6 Qe7 27.Bd5 Rf8 28.Qe4 Kh7 29.Rf4 Bh6
30.Bxb7 Bxf4 31.gxf4 Rab8 32.Bd5 Qh4 33.Rc7+ Kh8 34.Qg2 Qe1+ 35.Kh2 Qxe3
36.fxe5 Qxe5+ 37.Kh1 Qe1+  0-1

[Event "Ikaros Aegean Open 2013"]
[Site "Aghios Kirykos GRE"]
[Date "2013.07.19"]
[Round "8"]
[White "Nester,I"]
[Black "Kondou,E"]
[Result "1/2-1/2"]
[WhiteElo "2307"]
[BlackElo "2182"]

1.Nf3 Nf6 2.c4 c5 3.Nc3 g6 4.g3 Bg7 5.Bg2 Nc6 6.d4 cxd4 7.Nxd4 O-O 8.O-O Nxd4
9.Qxd4 d6 10.Qd3 Nd7 11.b3 Nc5 12.Qd2 Bd7 13.Bb2 Bc6 14.Nd5 Bxd5 15.Bxd5 Bxb2
16.Qxb2 a5 17.h4 h5 18.f4 e6 19.Bf3 Rb8 20.Qd4 Qe7 21.Rad1 Rfd8  1/2-1/2

[Event "6th Paleochora Open"]
[Site "Paleochora GRE"]
[Date "2013.07.20"]
[Round "3.1"]
[White "Banikas,H"]
[Black "De Wachter,M"]
[Result "1-0"]
[WhiteElo "2609"]
[BlackElo "2281"]

1.Nf3 Nf6 2.c4 c5 3.Nc3 b6 4.g3 Bb7 5.Bg2 e6 6.O-O d6 7.d4 cxd4 8.Qxd4 Nbd7
9.Nb5 Nc5 10.Bg5 a6 11.Bxf6 gxf6 12.Nc3 Rc8 13.Rfd1 Be7 14.Nd2 Bxg2 15.Kxg2 O-O
16.b4 Nd7 17.f4 Qc7 18.Rac1 Qb7+ 19.e4 Rc7 20.a3 Rfc8 21.Kh3 Bf8 22.Qd3 Rc6
23.Ne2 R6c7 24.Nb3 Qa8 25.Ned4 Qb7 26.Qe2 Kh8 27.Nf3 Qa8 28.Re1 Qb7 29.Nfd4 Qa8
30.a4 d5 31.cxd5 exd5 32.Rxc7 Rxc7 33.b5 Bb4 34.Rd1 dxe4 35.Nc6 Qe8 36.Nxb4 Qe6+
37.Qg4 f5 38.Qh4 Qxb3 39.Qd8+ Kg7 40.Rxd7 Rxd7 41.Qxd7 Qxb4 42.bxa6 e3 43.Qxf5 Qxa4
44.Qe5+ Kg8 45.Qg5+ Kf8 46.Qh6+ Kg8 47.Qxb6 Qd7+ 48.Kh4 Qe7+ 49.Kh5 e2 50.a7 e1=Q
51.a8=Q+ Qe8 52.Qxe8+ Qxe8 53.h3 f6+ 54.Kh4 Kg7 55.Qc7+ Kh6 56.Qc5 Kg7 57.Qc3 Qe4
58.Qc7+ Kg6 59.Qc8 Kf7 60.Qd7+ Kg8 61.Qg4+ Kf8 62.Kh5 f5 63.Qg5 Qe6 64.Qh6+  1-0

[Event "65th ch-MNE 2013"]
[Site "Cetinje SRB"]
[Date "2013.07.21"]
[Round "2.7"]
[White "Perovic,Rade"]
[Black "Draskovic,L"]
[Result "0-1"]
[WhiteElo "1926"]
[BlackElo "2292"]

1.Nf3 Nf6 2.c4 c5 3.Nc3 b6 4.g3 Bb7 5.Bg2 e6 6.O-O a6 7.d3 Be7 8.e3 O-O 9.b3 d6
10.Bb2 Nbd7 11.Qe2 Qc7 12.e4 Ne5 13.Rad1 Nfd7 14.Rd2 Bf6 15.Nxe5 dxe5 16.Nd1 Nb8
17.Ne3 Nc6 18.f4 Be7 19.Qg4 Nd4 20.f5 Kh8 21.Qh5 Qd6 22.g4 g6 23.Qh6 Qd8
24.fxg6 fxg6 25.Rdf2 Rxf2 26.Rxf2 Bg5 27.Qh3 Qe7 28.Qg3 Bf4 29.Qh3 Rf8 30.Nd1 Kg7
31.Kf1 Qg5 32.Bxd4 exd4 33.Ke2 Bc1 34.Bf3 Qd2+ 35.Kf1 Qxd3+ 36.Kg2 Rxf3 37.Rxf3 Bxe4
38.Nf2 Qxf3+ 39.Qxf3 Bxf3+ 40.Kxf3 Kf6 41.h4 Be3 42.Nd3 h5 43.gxh5 gxh5 44.Ke4 Bd2
45.Ne5 Be1 46.Nd7+ Ke7 47.Nxb6 Bxh4 48.Na4 Kd6 49.Nb2 Bg3 50.Nd3 a5 51.a3 h4
52.b4 axb4 53.axb4 cxb4 54.Nxb4 Kc5 55.Nc2 e5 56.Na3 h3 57.Kf3 Bf4  0-1